Normal view
MARC view
- Disarming Iraq
Entry Topical Term
001 - CONTROL NUMBER
- control field: 108978
003 - CONTROL NUMBER IDENTIFIER
- control field: NUST
005 - DATE AND TIME OF LATEST TRANSACTION
- control field: 20230213115431.0
008 - FIXED-LENGTH DATA ELEMENTS
- fixed length control field: 230213|| aca||aabn | a|a d
040 ## - CATALOGING SOURCE
- Original cataloging agency: NUST
- Transcribing agency: NUST
150 ## - HEADING--TOPICAL TERM
- Topical term or geographic name entry element: Disarming Iraq
670 ## - SOURCE DATA FOUND
- Source citation: Work cat.: (NUST)186716: Hans Blix 108977, Disarming Iraq /, 2004
